| 000 -LEADER |
| fixed length control field |
01975nam a2200169 4500 |
| 008 - FIXED-LENGTH DATA ELEMENTS--GENERAL INFORMATION |
| fixed length control field |
190816b ||||| |||| 00| 0 eng d |
| 245 ## - TITLE STATEMENT |
| Title |
Representative budgeting: women mayors and the composition of spending in local governments |
| 260 ## - PUBLICATION, DISTRIBUTION, ETC. (IMPRINT) |
| Date of publication, distribution, etc |
2019 |
| 300 ## - PHYSICAL DESCRIPTION |
| Extent |
p.19-33. |
| 520 ## - SUMMARY, ETC. |
| Summary, etc |
One potential consequence of increasing women’s numeric representation is that women elected officials will behave differently than their men counterparts and improve women’s substantive representation. This study examines whether electing women to local offices changes how local government expenditures are allocated in ways that benefit women. Using compositional expenditure data from more than 5,400 Brazilian municipalities over eight years, we find significant differences in the ways men and women mayors allocate government expenditures. Our findings indicate that women mayors spend more on traditionally feminine issues, and less on traditionally masculine issues, relative to men mayors. In regard to specific policy areas, we find that women spend more on women’s issues, including education, health care, and social assistance, and less on masculine issues, including transportation and urban development, relative to men mayors. We further find that women’s legislative representation significantly influences the allocation of expenditures as a larger percentage of women councilors increases spending on traditionally feminine issues, as well as education, health care, and social assistance, relative to other policy issues. These findings indicate that women local elected officials improve women’s substantive representation by allocating a larger percentage of expenditures to issues that have historically and continue to concern women in Brazil. - Reproduced. |
| 650 ## - SUBJECT ADDED ENTRY--TOPICAL TERM |
| Topical term or geographic name as entry element |
Local government |
| 9 (RLIN) |
8331 |
| 650 ## - SUBJECT ADDED ENTRY--TOPICAL TERM |
| Topical term or geographic name as entry element |
Women |
| 9 (RLIN) |
8332 |
| 700 ## - ADDED ENTRY--PERSONAL NAME |
| Personal name |
Philips, Andrew Q. |
| 9 (RLIN) |
8333 |
| 773 ## - HOST ITEM ENTRY |
| Main entry heading |
Political Research Quarterly |
| 906 ## - LOCAL DATA ELEMENT F, LDF (RLIN) |
| Subject DIP |
Budgets |
| 942 ## - ADDED ENTRY ELEMENTS (KOHA) |
| Source of classification or shelving scheme |
|
| Item type |
Articles |